<?xml version="1.0" encoding="UTF-8"?>
<record
    xmlns:xsi="http://www.w3.org/2001/XMLSchema-instance"
    xsi:schemaLocation="http://www.loc.gov/MARC21/slim http://www.loc.gov/standards/marcxml/schema/MARC21slim.xsd"
    xmlns="http://www.loc.gov/MARC21/slim">

  <leader>00198nam a2200085   4500</leader>
  <controlfield tag="001">1257416</controlfield>
  <controlfield tag="005">20260212152610.0</controlfield>
  <datafield tag="245" ind1=" " ind2=" ">
    <subfield code="a">ZENCEF&#x130;LL&#x130; T&#x130;YATRO</subfield>
    <subfield code="c">MELEK &#xC7;E</subfield>
  </datafield>
  <datafield tag="260" ind1=" " ind2=" ">
    <subfield code="b">U&#x11E;URB&#xD6;CE&#x11E;&#x130; YAYINLARI</subfield>
  </datafield>
  <datafield tag="999" ind1=" " ind2=" ">
    <subfield code="c">1257416</subfield>
    <subfield code="d">1257416</subfield>
  </datafield>
  <datafield tag="952" ind1=" " ind2=" ">
    <subfield code="0">0</subfield>
    <subfield code="1">0</subfield>
    <subfield code="2">ddc</subfield>
    <subfield code="4">0</subfield>
    <subfield code="7">0</subfield>
    <subfield code="a">1054</subfield>
    <subfield code="b">1054</subfield>
    <subfield code="d">2026-02-12</subfield>
    <subfield code="l">3</subfield>
    <subfield code="o">&#xDC;3</subfield>
    <subfield code="p">10542983</subfield>
    <subfield code="q">2026-05-14</subfield>
    <subfield code="r">2026-04-29 11:16:24</subfield>
    <subfield code="s">2026-04-29</subfield>
    <subfield code="w">2026-02-12</subfield>
    <subfield code="y">BK</subfield>
  </datafield>
</record>
